[Event "Warsaw YMCA Winter-C 181st"]
[Site "Warsaw"]
[Date "2017.02.22"]
[Round "7"]
[White "Wojcikiewicz, Dariusz"]
[Black "Duda, Ryszard"]
[Result "1-0"]
[WhiteElo "1465"]
[BlackElo "1445"]
[PlyCount "47"]
[EventDate "2017.01.11"]
[EventType "tourn"]
[EventRounds "11"]
[EventCountry "POL"]
[SourceTitle "EXT 2019"]
[Source "ChessBase"]
[SourceDate "2018.10.10"]
[SourceVersion "1"]
[SourceVersionDate "2018.10.10"]
[SourceQuality "1"]

1. b3 Nf6 2. Bb2 e6 3. Nf3 d5 4. e3 Be7 5. c4 dxc4 6. Bxc4 0-0 7. d4 Bb4+ 8. Nbd2 Ne4 9. a3 Nxd2 10. Nxd2 Be7 11. 0-0 Nd7 12. Rc1 Nf6 13. Qc2 c6 14. Ne4 g6 15. b4 Nxe4 16. Qxe4 Bf6 17. Qf3 Bg7 18. b5 Bd7 19. a4 Re8 20. Rc2 Qb6 21. Rfc1 cxb5 22. Bxb5 Bxb5 23. Rc7 Bc6 24. Qxf7+ 1-0

[Event "Warsaw YMCA Winter-C 181st"]
[Site "Warsaw"]
[Date "2017.02.15"]
[Round "6"]
[White "Sieczkowski, Adam"]
[Black "Wojcikiewicz, Dariusz"]
[Result "1/2-1/2"]
[WhiteElo "1470"]
[BlackElo "1465"]
[PlyCount "66"]
[EventDate "2017.01.11"]
[EventType "tourn"]
[EventRounds "11"]
[EventCountry "POL"]
[SourceTitle "EXT 2019"]
[Source "ChessBase"]
[SourceDate "2018.10.10"]
[SourceVersion "1"]
[SourceVersionDate "2018.10.10"]
[SourceQuality "1"]

1. Nf3 e6 2. g3 b6 3. Bg2 Bb7 4. 0-0 c5 5. c4 Nf6 6. d3 Nc6 7. Nbd2 g6 8. b3 Bg7 9. Bb2 0-0 10. a3 d5 11. Rb1 a5 12. Ne5 Qc7 13. Nxc6 Bxc6 14. b4 axb4 15. axb4 cxb4 16. Qb3 Qd6 17. Bxf6 Bxf6 18. Qxb4 Qxb4 19. Rxb4 Ra6 20. Rfb1 Rb8 21. cxd5 exd5 22. Rc1 b5 23. e4 dxe4 24. Bxe4 Bxe4 25. Nxe4 Be7 26. Rb3 Ra3 27. Rcb1 Rxb3 28. Rxb3 f5 29. Nd2 b4 30. Nc4 Bf6 31. Ne3 Rb5 32. Kf1 Kf7 33. Ke2 Ke6 1/2-1/2

[Event "Mazowiec-chT op 1617"]
[Site "Warsaw"]
[Date "2017.01.29"]
[Round "7.21"]
[White "Kaminski, Lukasz"]
[Black "Wojcikiewicz, Dariusz"]
[Result "1/2-1/2"]
[WhiteElo "1445"]
[BlackElo "1467"]
[PlyCount "61"]
[EventDate "2016.12.11"]
[EventType "team-swiss"]
[EventRounds "10"]
[EventCountry "POL"]
[SourceTitle "EXT 2019"]
[Source "ChessBase"]
[SourceDate "2018.10.10"]
[SourceVersion "1"]
[SourceVersionDate "2018.10.10"]
[SourceQuality "1"]

1. e4 e6 2. d4 b6 3. Nc3 Bb7 4. Nf3 Bb4 5. Bd3 Nf6 6. Qe2 c5 7. dxc5 Bxc3+ 8. bxc3 Qc7 9. Bb2 Qxc5 10. 0-0 d5 11. exd5 Nxd5 12. Qe5 Nf6 13. Qg3 Nbd7 14. Rfe1 0-0-0 15. c4 Nh5 16. Qh3 Nf4 17. Qg3 Nh5 18. Qh3 Nf4 19. Qg3 Nxd3 20. cxd3 Qf5 21. Nd4 Qg6 22. Nb5 Qxg3 23. fxg3 Nc5 24. Bxg7 Rhg8 25. Bf6 Rxd3 26. Nxa7+ Kb8 27. Nb5 Rd2 28. Be5+ Ka8 29. Nc7+ Ka7 30. Nb5+ Ka6 31. Nc7+ 1/2-1/2

[Event "Warsaw YMCA Autumn-D 177th"]
[Site "Warsaw"]
[Date "2016.11.08"]
[Round "8"]
[White "Duda, Ryszard"]
[Black "Wojcikiewicz, Dariusz"]
[Result "1-0"]
[WhiteElo "1485"]
[BlackElo "1467"]
[PlyCount "95"]
[EventDate "2016.09.19"]
[EventType "tourn"]
[EventRounds "13"]
[EventCountry "POL"]
[SourceTitle "EXT 2019"]
[Source "ChessBase"]
[SourceDate "2018.10.10"]
[SourceVersion "1"]
[SourceVersionDate "2018.10.10"]
[SourceQuality "1"]

1. e4 e6 2. d4 d6 3. c4 Nd7 4. Nc3 Ngf6 5. Bd3 b6 6. Nf3 Bb7 7. 0-0 Be7 8. Re1 0-0 9. e5 dxe5 10. dxe5 Ne8 11. Bc2 g6 12. Ne4 Ng7 13. a3 a5 14. Bh6 Nc5 15. Nfg5 Qxd1 16. Raxd1 Rfd8 17. Nxc5 Bxc5 18. Ne4 Be7 19. g4 Rxd1 20. Rxd1 Bxe4 21. Bxe4 Rd8 22. Rxd8+ Bxd8 23. Bc6 f6 24. Bf4 Kf7 25. Bg3 fxe5 26. Bxe5 Ne8 27. Bxe8+ Kxe8 28. Kg2 Kd7 29. Kf3 c6 30. Ke4 Be7 31. a4 Bd6 32. f4 Bc5 33. h4 Ke7 34. Bd4 Bxd4 35. Kxd4 Kd6 36. Ke4 h6 37. h5 gxh5 38. gxh5 Ke7 39. Ke5 c5 40. b3 Kf7 41. f5 exf5 42. Kxf5 Kg7 43. Ke6 Kh7 44. Kf6 Kg8 45. Kg6 Kf8 46. Kxh6 Kf7 47. Kg5 Kg7 48. Kf5 1-0

[Event "Warsaw YMCA Autumn-D 177th"]
[Site "Warsaw"]
[Date "2016.10.18"]
[Round "5"]
[White "Wojcikiewicz, Dariusz"]
[Black "Sieczkowski, Adam"]
[Result "1-0"]
[WhiteElo "1467"]
[BlackElo "1478"]
[PlyCount "81"]
[EventDate "2016.09.19"]
[EventType "tourn"]
[EventRounds "13"]
[EventCountry "POL"]
[SourceTitle "EXT 2019"]
[Source "ChessBase"]
[SourceDate "2018.10.10"]
[SourceVersion "1"]
[SourceVersionDate "2018.10.10"]
[SourceQuality "1"]

1. e3 Nf6 2. b3 e6 3. Bb2 d5 4. Nf3 Bd6 5. c4 0-0 6. Qc2 c5 7. d4 cxd4 8. Nxd4 Nc6 9. Nxc6 bxc6 10. Be2 Bd7 11. Nd2 Ne8 12. Nf3 f5 13. 0-0 Nf6 14. Rfd1 Ne4 15. Rac1 Be8 16. g3 Bg6 17. Nd4 Qe8 18. cxd5 cxd5 19. Qc6 Qe7 20. Qa6 Be8 21. Nb5 Bxb5 22. Qxb5 Rab8 23. Qd3 Qg5 24. f4 Qg6 25. Rc2 Be7 26. Bf3 h5 27. Rg2 Qe8 28. Rc1 g5 29. Rc7 g4 30. Bxe4 fxe4 31. Qa6 Qd8 32. Rxa7 Rb6 33. Qa5 Bf6 34. Bxf6 Qxf6 35. Rc2 Qa1+ 36. Kg2 Qd1 37. Qd2 Qf3+ 38. Kg1 Rbb8 39. Qd4 Rf6 40. Rf2 e5 41. Qxd5+ 1-0

[Event "Warsaw YMCA Autumn-D 177th"]
[Site "Warsaw"]
[Date "2016.10.06"]
[Round "2"]
[White "Wanecki, Krzysztof"]
[Black "Wojcikiewicz, Dariusz"]
[Result "1/2-1/2"]
[WhiteElo "1469"]
[BlackElo "1467"]
[PlyCount "58"]
[EventDate "2016.09.19"]
[EventType "tourn"]
[EventRounds "13"]
[EventCountry "POL"]
[SourceTitle "EXT 2019"]
[Source "ChessBase"]
[SourceDate "2018.10.10"]
[SourceVersion "1"]
[SourceVersionDate "2018.10.10"]
[SourceQuality "1"]

1. d4 b6 2. Bf4 Bb7 3. e3 Nf6 4. Nd2 e6 5. Ngf3 d6 6. Bd3 Nbd7 7. c3 Be7 8. h3 0-0 9. Qc2 h6 10. 0-0 c5 11. Bh2 cxd4 12. exd4 Rc8 13. Qd1 Qc7 14. Re1 Rfe8 15. Rc1 Qb8 16. Ne4 Nxe4 17. Bxe4 Nf6 18. Bxb7 Qxb7 19. Qd3 Qd7 20. a3 Nh7 21. Rc2 Ng5 22. Nxg5 Bxg5 23. Rce2 Bf6 24. f4 g6 25. d5 exd5 26. Qxd5 Rxe2 27. Rxe2 Re8 28. Rxe8+ Qxe8 29. Kf2 Qd7 1/2-1/2

[Event "Warsaw YMCA Autumn-D 177th"]
[Site "Warsaw"]
[Date "2016.10.04"]
[Round "3"]
[White "Wojcikiewicz, Dariusz"]
[Black "Olsztynski, Andrzej"]
[Result "1/2-1/2"]
[WhiteElo "1467"]
[BlackElo "1456"]
[PlyCount "100"]
[EventDate "2016.09.19"]
[EventType "tourn"]
[EventRounds "13"]
[EventCountry "POL"]
[SourceTitle "EXT 2019"]
[Source "ChessBase"]
[SourceDate "2018.10.10"]
[SourceVersion "1"]
[SourceVersionDate "2018.10.10"]
[SourceQuality "1"]

1. e3 e5 2. b3 c5 3. Bb2 Nc6 4. Bb5 Qc7 5. Qf3 Nf6 6. Nc3 a6 7. Bxc6 bxc6 8. Ne4 Be7 9. Nxf6+ Bxf6 10. e4 d5 11. Ne2 d4 12. 0-0 0-0 13. Ng3 Rb8 14. d3 Be6 15. Bc1 Qa5 16. Qd1 g6 17. a4 Bg7 18. Bd2 Qd8 19. f4 Rb7 20. f5 Bc8 21. Qc1 f6 22. Bh6 Qe7 23. Rf3 g5 24. Bxg7 Qxg7 25. Qd2 Rb4 26. Raf1 Bd7 27. Nh1 Be8 28. g4 h5 29. gxh5 Bxh5 30. Rh3 Qf7 31. Qg2 Kg7 32. Ng3 Rh8 33. Nxh5+ Rxh5 34. Rff3 Rb8 35. Rxh5 Qxh5 36. Qh3 Qxh3 37. Rxh3 a5 38. Kg2 Rb4 39. Rg3 Kf7 40. Kh3 Rb8 41. Kg4 Rh8 42. Rh3 Rxh3 43. Kxh3 Kg7 44. Kg4 Kh6 45. h3 Kg7 46. Kh5 Kh7 47. Kg4 Kh6 48. h4 gxh4 49. Kxh4 Kg7 50. Kh5 Kh7 1/2-1/2

[Event "Warsaw YMCA Autumn-D 177th"]
[Site "Warsaw"]
[Date "2016.09.20"]
[Round "1"]
[White "Wojcikiewicz, Dariusz"]
[Black "Szumigaj, Marcin"]
[Result "1/2-1/2"]
[WhiteElo "1467"]
[BlackElo "1374"]
[PlyCount "141"]
[EventDate "2016.09.19"]
[EventType "tourn"]
[EventRounds "13"]
[EventCountry "POL"]
[SourceTitle "EXT 2019"]
[Source "ChessBase"]
[SourceDate "2018.10.10"]
[SourceVersion "1"]
[SourceVersionDate "2018.10.10"]
[SourceQuality "1"]

1. b3 d5 2. Bb2 c5 3. e3 a6 4. Nf3 Nc6 5. c4 e6 6. d4 dxc4 7. Bxc4 b5 8. Be2 Bb7 9. dxc5 Qxd1+ 10. Bxd1 f6 11. Nbd2 Nb4 12. 0-0 Nd3 13. Bc1 Bxc5 14. Be2 Nxc1 15. Raxc1 Bb6 16. b4 Ne7 17. a3 Kf7 18. Nb3 Rhc8 19. Rfd1 Rxc1 20. Rxc1 Rc8 21. Rxc8 Bxc8 22. Nfd2 Nd5 23. Ne4 Ke7 24. Bf3 f5 25. Ned2 g6 26. Bxd5 exd5 27. Nf3 Kf6 28. g3 g5 29. Kf1 f4 30. Nbd4 fxe3 31. fxe3 g4 32. Nd2 Bd7 33. Ke2 Ke5 34. N2b3 Kd6 35. Kd3 Bc8 36. Nc1 Ke5 37. Nce2 Bf5+ 38. Kd2 Bxd4 39. Nxd4 Ke4 40. Ke2 Bd7 41. Nb3 Kf5 42. Kd3 Ke5 43. Nc5 Bc8 44. Kc3 Bf5 45. Nxa6 Ke4 46. Kd2 Kf3 47. Nc7 Kg2 48. Nxb5 Kxh2 49. Nd4 Bd7 50. Ne2 Ba4 51. Ke1 Kg2 52. Kd2 Kf2 53. Nc3 Bd7 54. b5 Kxg3 55. b6 Bc6 56. a4 Kf2 57. a5 g3 58. a6 g2 59. Ne2 Bb5 60. a7 Bc6 61. Kd1 g1Q+ 62. Nxg1 Kxg1 63. Ke2 h5 64. Kf3 d4+ 65. e4 d3 66. Ke3 d2 67. Kxd2 Bxe4 68. Ke3 Bb7 69. Kf4 Kf2 70. Kg5 Bf3 71. b7 1/2-1/2

[Event "Warsaw YMCA Spring-D 170th"]
[Site "Warsaw"]
[Date "2016.06.20"]
[Round "13"]
[White "Wojcikiewicz, Dariusz"]
[Black "Budrewicz, Henryk"]
[Result "1/2-1/2"]
[WhiteElo "1457"]
[BlackElo "1461"]
[PlyCount "120"]
[EventDate "2016.04.05"]
[EventType "tourn"]
[EventRounds "13"]
[EventCountry "POL"]
[SourceTitle "EXT 2019"]
[Source "ChessBase"]
[SourceDate "2018.10.10"]
[SourceVersion "1"]
[SourceVersionDate "2018.10.10"]
[SourceQuality "1"]

1. b3 e5 2. Bb2 d6 3. e3 Nf6 4. d4 exd4 5. Qxd4 Nc6 6. Bb5 Bd7 7. Qf4 a6 8. Bd3 Be7 9. Nd2 d5 10. a3 Be6 11. e4 dxe4 12. Nxe4 Nxe4 13. Bxe4 Bg5 14. Bxc6+ bxc6 15. Qd4 Qe7 16. Qe4 0-0 17. Nf3 f5 18. Qe2 Rfe8 19. 0-0 Bf6 20. Bxf6 Qxf6 21. c4 Bf7 22. Qc2 Bg6 23. c5 Bf7 24. b4 Bd5 25. Qd3 Re4 26. Rac1 g5 27. Qc3 Qe7 28. Rfe1 g4 29. Rxe4 Bxe4 30. Qe5 Re8 31. Qxe7 Rxe7 32. Nd2 Bd3 33. f3 h5 34. Nf1 gxf3 35. gxf3 Bxf1 36. Rxf1 Re3 37. Kf2 Rxa3 38. Rg1+ Kf7 39. Rg5 Kf6 40. Rxh5 Kg6 41. Rh8 a5 42. bxa5 Rxa5 43. h4 Rxc5 44. h5+ Kg7 45. Rc8 Kh6 46. Rh8+ Kg7 47. Rc8 f4 48. Rxc7+ Kh6 49. Rf7 Rc2+ 50. Kg1 Rc4 51. Rf5 c5 52. Kg2 Rc2+ 53. Kh3 c4 54. Kg4 c3 55. Kxf4 Rh2 56. Rc5 c2 57. Ke3 Rg2 58. Kd3 Rg3 59. Rxc2 Rxf3+ 60. Ke4 Rh3 1/2-1/2

[Event "Warsaw YMCA Spring-D 170th"]
[Site "Warsaw"]
[Date "2016.05.10"]
[Round "6"]
[White "Kuzmicki, Marek"]
[Black "Wojcikiewicz, Dariusz"]
[Result "0-1"]
[WhiteElo "1463"]
[BlackElo "1457"]
[PlyCount "114"]
[EventDate "2016.04.05"]
[EventType "tourn"]
[EventRounds "13"]
[EventCountry "POL"]
[SourceTitle "EXT 2019"]
[Source "ChessBase"]
[SourceDate "2018.10.10"]
[SourceVersion "1"]
[SourceVersionDate "2018.10.10"]
[SourceQuality "1"]

1. d4 e6 2. e4 b6 3. Nc3 Bb7 4. Nf3 Bb4 5. Bd3 Nf6 6. Qe2 c5 7. 0-0 Bxc3 8. bxc3 d6 9. Ba3 Nbd7 10. e5 Bxf3 11. Qxf3 dxe5 12. dxc5 Rc8 13. Bb5 bxc5 14. Rfd1 0-0 15. Rd6 e4 16. Qg3 Qc7 17. Rad1 Nb6 18. c4 Qb7 19. Bb2 Nh5 20. Qg5 g6 21. g4 f6 22. Qh4 Nf4 23. Rd7 Nxd7 24. Rxd7 Qxd7 25. Bxd7 Rcd8 26. Bc1 g5 27. Qh6 Rxd7 28. Bxf4 gxf4 29. Qxf4 Rd4 30. g5 e3 31. Qxe3 Kf7 32. gxf6 Rg8+ 33. Kf1 Rd1+ 34. Ke2 Rgd8 35. Qxc5 R1d2+ 36. Ke3 Kxf6 37. Qc7 R8d7 38. Qf4+ Kg6 39. h4 Rd1 40. c5 Re1+ 41. Kf3 Rf7 42. c6 Rxf4+ 43. Kxf4 Rc1 44. Ke5 Rxc2 45. Kd6 Rxa2 46. Kxe6 a5 47. c7 Rc2 48. Kd7 a4 49. f4 a3 50. h5+ Kxh5 51. f5 Kg5 52. f6 Kxf6 53. c8Q Rxc8 54. Kxc8 a2 55. Kd7 a1Q 56. Ke8 Qd4 57. Kf8 Qd8# 0-1

[Event "Warsaw YMCA Spring-D 170th"]
[Site "Warsaw"]
[Date "2016.05.03"]
[Round "5"]
[White "Fieducik, Marcin"]
[Black "Wojcikiewicz, Dariusz"]
[Result "0-1"]
[WhiteElo "1409"]
[BlackElo "1457"]
[PlyCount "88"]
[EventDate "2016.04.05"]
[EventType "tourn"]
[EventRounds "13"]
[EventCountry "POL"]
[SourceTitle "EXT 2019"]
[Source "ChessBase"]
[SourceDate "2018.10.10"]
[SourceVersion "1"]
[SourceVersionDate "2018.10.10"]
[SourceQuality "1"]

1. d4 b6 2. c4 Bb7 3. Nc3 e6 4. e4 Bb4 5. Bd3 Nf6 6. f3 Bxc3+ 7. bxc3 d6 8. Ne2 Nbd7 9. 0-0 0-0 10. Bg5 c5 11. Qc2 e5 12. d5 h6 13. Bh4 g5 14. Bf2 Nh5 15. Qd2 Qf6 16. a4 a5 17. Be3 Nf4 18. Bc2 Kh8 19. Kf2 Rg8 20. Rh1 Rg6 21. Raf1 Ba6 22. Bxf4 gxf4 23. Bd3 Rag8 24. g3 Bc8 25. Ke1 fxg3 26. hxg3 Kg7 27. f4 Rh8 28. fxe5 Qxe5 29. Rf5 Qe8 30. Rhf1 Ne5 31. R5f4 Qxa4 32. Qe3 h5 33. R4f2 Bh3 34. Nf4 Bxf1 35. Nxg6 fxg6 36. Rxf1 Rf8 37. Rf4 Qa1+ 38. Kd2 Qb2+ 39. Ke1 Qxc3+ 40. Ke2 Rxf4 41. Qxf4 Qxd3+ 42. Kf2 Qxc4 43. Kg2 Qe2+ 44. Kh3 Qg4+ 0-1

[Event "Warsaw YMCA Winter-D 166th"]
[Site "Warsaw"]
[Date "2016.01.12"]
[Round "2"]
[White "Wojcikiewicz, Dariusz"]
[Black "Rozycki, Dariusz"]
[Result "1/2-1/2"]
[WhiteElo "1461"]
[BlackElo "1398"]
[PlyCount "103"]
[EventDate "2016.01.05"]
[EventType "tourn"]
[EventRounds "13"]
[EventCountry "POL"]
[SourceTitle "EXT 2019"]
[Source "ChessBase"]
[SourceDate "2018.10.10"]
[SourceVersion "1"]
[SourceVersionDate "2018.10.10"]
[SourceQuality "1"]

1. b3 d5 2. Bb2 c5 3. e3 Nf6 4. Nf3 g6 5. Bb5+ Bd7 6. Bxd7+ Qxd7 7. d3 Bg7 8. Nbd2 0-0 9. 0-0 Re8 10. Ne5 Qd6 11. f4 Nc6 12. Nxc6 Qxc6 13. f5 e5 14. fxg6 fxg6 15. c4 d4 16. e4 Re7 17. Qf3 Rf8 18. Qh3 Ref7 19. Nf3 Nh5 20. Ng5 Rxf1+ 21. Rxf1 Rxf1+ 22. Kxf1 Qf6+ 23. Nf3 Nf4 24. Qc8+ Bf8 25. Qxb7 Nxd3 26. Ba3 Qf4 27. Qd5+ Kh8 28. Qd8 Kg7 29. Qd7+ Qf7 30. Qxf7+ Kxf7 31. g3 Kf6 32. Ke2 Nb4 33. Bxb4 cxb4 34. Kd3 a5 35. Ke2 g5 36. g4 h6 37. Ne1 Kg6 38. Nd3 Bd6 39. h3 h5 40. Nb2 hxg4 41. hxg4 Kf6 42. Kd3 Ke6 43. Na4 Kd7 44. Nb2 Kc6 45. Nd1 Be7 46. Nf2 Bf6 47. Nh3 Kc5 48. Ng1 Kc6 49. Nf3 Kc5 50. Kc2 Kc6 51. Kd2 Kc5 52. Kd3 1/2-1/2

[Event "Warsaw YMCA Autumn-D 158th"]
[Site "Warsaw"]
[Date "2015.10.27"]
[Round "6"]
[White "Wojcikiewicz, Dariusz"]
[Black "Sloniewski, Michal"]
[Result "1/2-1/2"]
[WhiteElo "1469"]
[BlackElo "1412"]
[PlyCount "41"]
[EventDate "2015.09.22"]
[EventType "tourn"]
[EventRounds "13"]
[EventCountry "POL"]
[SourceTitle "EXT 2019"]
[Source "ChessBase"]
[SourceDate "2018.10.10"]
[SourceVersion "1"]
[SourceVersionDate "2018.10.10"]
[SourceQuality "1"]

1. b3 b6 2. Bb2 Bb7 3. Nf3 Bxf3 4. exf3 e6 5. g3 Nf6 6. Bg2 c5 7. f4 Nc6 8. d3 Be7 9. Nd2 0-0 10. 0-0 Rc8 11. Re1 d5 12. Nf3 d4 13. Rc1 Nd5 14. Qd2 h6 15. a3 Bf6 16. Ne5 Nxe5 17. fxe5 Bg5 18. f4 Be7 19. Bxd5 Qxd5 20. Qg2 Rfd8 21. Re4 1/2-1/2

[Event "Warsaw YMCA Autumn-D 158th"]
[Site "Warsaw"]
[Date "2015.10.20"]
[Round "5"]
[White "Kucharski, Jacek"]
[Black "Wojcikiewicz, Dariusz"]
[Result "0-1"]
[WhiteElo "1311"]
[BlackElo "1469"]
[PlyCount "112"]
[EventDate "2015.09.22"]
[EventType "tourn"]
[EventRounds "13"]
[EventCountry "POL"]
[SourceTitle "EXT 2019"]
[Source "ChessBase"]
[SourceDate "2018.10.10"]
[SourceVersion "1"]
[SourceVersionDate "2018.10.10"]
[SourceQuality "1"]

1. Nf3 b6 2. g3 Bb7 3. Bg2 e5 4. d3 Nf6 5. 0-0 d6 6. Bg5 Be7 7. c4 Nbd7 8. Nc3 Nc5 9. b4 Ne6 10. Qa4+ Qd7 11. Qxd7+ Nxd7 12. Bxe7 Kxe7 13. Rac1 c5 14. bxc5 dxc5 15. Nd2 Bxg2 16. Kxg2 f5 17. Nd5+ Kd6 18. f4 exf4 19. Nxf4 Nxf4+ 20. Rxf4 g6 21. Rd1 Rhe8 22. e4 fxe4 23. dxe4 Re7 24. Nb1+ Kc6 25. Nc3 Rae8 26. Kf2 Ne5 27. Rf6+ Re6 28. Rxe6+ Rxe6 29. Nb5 a6 30. Na3 Rd6 31. Rxd6+ Kxd6 32. h3 h6 33. Ke3 Ke6 34. Kf2 Nd3+ 35. Ke3 Nb4 36. h4 Ke5 37. Nb1 Nxa2 38. Nd2 a5 39. Kd3 Nb4+ 40. Kc3 Nc6 41. Kd3 Nd4 42. Nb1 Ne6 43. Nc3 Nf8 44. Na4 Nd7 45. Ke3 Kd6 46. Nc3 Ne5 47. Nb5+ Kc6 48. Na3 Nf7 49. Kf4 Kd6 50. g4 Ke6 51. Nb5 g5+ 52. hxg5 hxg5+ 53. Kg3 Ke5 54. Nc3 Nd6 55. Kf3 Nxc4 56. Na4 Kd4 0-1

[Event "Warsaw YMCA Autumn-D 158th"]
[Site "Warsaw"]
[Date "2015.09.22"]
[Round "1"]
[White "Staszewski, Krzysztof"]
[Black "Wojcikiewicz, Dariusz"]
[Result "1-0"]
[WhiteElo "1416"]
[BlackElo "1469"]
[PlyCount "119"]
[EventDate "2015.09.22"]
[EventType "tourn"]
[EventRounds "13"]
[EventCountry "POL"]
[SourceTitle "EXT 2019"]
[Source "ChessBase"]
[SourceDate "2018.10.10"]
[SourceVersion "1"]
[SourceVersionDate "2018.10.10"]
[SourceQuality "1"]

1. c4 b6 2. Nc3 Bb7 3. Nf3 e6 4. g3 Nf6 5. Bg2 c5 6. 0-0 a6 7. d3 Nc6 8. e4 d6 9. a3 h6 10. Rb1 g5 11. b4 g4 12. Nh4 h5 13. Ne2 Be7 14. Bg5 cxb4 15. axb4 Nh7 16. Bxe7 Nxe7 17. Nf4 Ng5 18. Qa4+ Qd7 19. Qa1 0-0-0 20. Qf6 Rdg8 21. Rfc1 Kb8 22. c5 dxc5 23. bxc5 b5 24. d4 Bxe4 25. Bxe4 Nxe4 26. Qe5+ Ka7 27. Qxe4 Rc8 28. Qe3 Rc6 29. Rd1 Rd8 30. Qa3 Qb7 31. Qa5 Rcc8 32. Qa2 Rd7 33. Rb2 Rcd8 34. Rbd2 Qe4 35. Re2 Qb7 36. Qb2 Qc6 37. Red2 Qb7 38. Nxh5 Nd5 39. Ng2 Rh8 40. Nhf4 f5 41. Nxd5 Rdh7 42. Nh4 Qxd5 43. Qa2 Qc6 44. d5 Qxc5 45. dxe6 f4 46. Qd5 Qxd5 47. Rxd5 f3 48. Rd7+ Rxd7 49. Rxd7+ Kb6 50. e7 Re8 51. Nf5 Rc8 52. h4 gxh3 53. Rd8 Rc1+ 54. Kh2 Rf1 55. e8Q Rxf2+ 56. Kxh3 Rc2 57. Qe3+ Ka5 58. Qxf3 b4 59. Qb3 Rc3 60. Rd5+ 1-0

[Event "Warsaw YMCA Autumn-D 144th"]
[Site "Warsaw"]
[Date "2014.11.25"]
[Round "11"]
[White "Olsztynski, Andrzej"]
[Black "Wojcikiewicz, Dariusz"]
[Result "0-1"]
[WhiteElo "1484"]
[BlackElo "1533"]
[PlyCount "64"]
[EventDate "2014.09.16"]
[EventType "tourn"]
[EventRounds "13"]
[EventCountry "POL"]
[SourceTitle "EXT 2019"]
[Source "ChessBase"]
[SourceDate "2018.10.10"]
[SourceVersion "1"]
[SourceVersionDate "2018.10.10"]
[SourceQuality "1"]

1. e4 b6 2. d4 Bb7 3. d5 c6 4. c4 d6 5. Nf3 Nd7 6. Nc3 Ngf6 7. Bd3 g6 8. b4 Bg7 9. Qc2 a6 10. Bb2 Ng4 11. h3 Nge5 12. Nxe5 Nxe5 13. f4 Nxd3+ 14. Qxd3 0-0 15. 0-0 f5 16. dxc6 Bxc6 17. exf5 Rxf5 18. Rab1 Qf8 19. Qe3 b5 20. cxb5 axb5 21. g3 e5 22. Ra1 exf4 23. Rxf4 Rxf4 24. gxf4 Re8 25. Qd2 Qe7 26. Nd1 Qe4 27. Ne3 Bxb2 28. Qxb2 Qxe3+ 29. Kh2 Qxf4+ 30. Kg1 Qg3+ 31. Kf1 Qxh3+ 32. Kg1 Qh1+ 0-1

[Event "Warsaw YMCA Summer 127th"]
[Site "Warsaw"]
[Date "2013.08.29"]
[Round "9"]
[White "Wrabel, Antoni"]
[Black "Wojcikiewicz, Dariusz"]
[Result "1/2-1/2"]
[WhiteElo "1696"]
[BlackElo "1438"]
[PlyCount "60"]
[EventDate "2013.07.05"]
[EventType "tourn"]
[EventRounds "10"]
[EventCountry "POL"]
[SourceTitle "EXT 2014"]
[Source "ChessBase"]
[SourceDate "2013.11.20"]
[SourceVersion "1"]
[SourceVersionDate "2013.11.20"]
[SourceQuality "1"]

1. e4 b6 2. d4 Bb7 3. Nc3 e6 4. Nf3 Bb4 5. Bd3 Nf6 6. Qe2 d5 7. exd5 Nxd5 8. Bd2 Nxc3 9. bxc3 Be7 10. 0-0 Nd7 11. Rab1 0-0 12. c4 Nf6 13. c3 c5 14. Be3 Rc8 15. Nd2 Qc7 16. f3 Rfd8 17. Nb3 Bd6 18. g3 cxd4 19. cxd4 e5 20. d5 Re8 21. Nd2 Bc5 22. Bf5 Rcd8 23. Nb3 Bxe3+ 24. Qxe3 Qxc4 25. Rbc1 Qxd5 26. Rc7 Bc8 27. Bc2 Rd7 28. Rd1 Qe6 29. Rdxd7 Nxd7 30. Rxa7 b5 1/2-1/2

[Event "Warsaw YMCA Summer 127th"]
[Site "Warsaw"]
[Date "2013.07.25"]
[Round "5"]
[White "Olsztynski, Andrzej"]
[Black "Wojcikiewicz, Dariusz"]
[Result "0-1"]
[WhiteElo "1508"]
[BlackElo "1438"]
[PlyCount "110"]
[EventDate "2013.07.05"]
[EventType "tourn"]
[EventRounds "10"]
[EventCountry "POL"]
[SourceTitle "EXT 2014"]
[Source "ChessBase"]
[SourceDate "2013.11.20"]
[SourceVersion "1"]
[SourceVersionDate "2013.11.20"]
[SourceQuality "1"]

1. d4 b6 2. c4 Bb7 3. Nc3 e6 4. a3 Nf6 5. Nf3 c5 6. d5 exd5 7. cxd5 a6 8. e4 d6 9. Bg5 Be7 10. Bd3 Nbd7 11. 0-0 h6 12. Bh4 Ng4 13. Bg3 Nge5 14. Nxe5 Nxe5 15. Bxe5 dxe5 16. Qh5 Qd6 17. Rfe1 Qf6 18. Re3 Qg5 19. Qe2 0-0 20. Rg3 Qf6 21. Qe3 Qf4 22. Qxf4 exf4 23. Rf3 g5 24. h4 b5 25. hxg5 hxg5 26. Rh3 Kg7 27. f3 Rh8 28. Rxh8 Rxh8 29. Ne2 Bf6 30. Rb1 c4 31. Bc2 Bc8 32. b3 cxb3 33. Bxb3 Be7 34. Rc1 Bxa3 35. Rc7 Bd6 36. Rc6 Bb8 37. g4 fxg3 38. Rc2 Ba7+ 39. Kf1 Rh2 40. Nd4 Rxc2 41. Nf5+ Kf6 42. Bxc2 Bb8 43. Ne3 Bh3+ 44. Ke2 Ba7 45. Ng4+ Bxg4 46. d6 Bd7 47. Kf1 Ke5 48. Kg2 Bf2 49. Bb3 f6 50. Bd5 Kxd6 51. f4 gxf4 52. Bb7 a5 53. Kh1 Bc6 54. Bxc6 Kxc6 55. Kg2 Kd6 0-1

[Event "Warsaw YMCA Summer 127th"]
[Site "Warsaw"]
[Date "2013.07.23"]
[Round "4"]
[White "Wojcikiewicz, Dariusz"]
[Black "Wrabel, Antoni"]
[Result "0-1"]
[WhiteElo "1438"]
[BlackElo "1696"]
[PlyCount "70"]
[EventDate "2013.07.05"]
[EventType "tourn"]
[EventRounds "10"]
[EventCountry "POL"]
[SourceTitle "EXT 2014"]
[Source "ChessBase"]
[SourceDate "2013.11.20"]
[SourceVersion "1"]
[SourceVersionDate "2013.11.20"]
[SourceQuality "1"]

1. b3 e5 2. Bb2 Nc6 3. e3 d5 4. Bb5 Bd6 5. Nf3 Qe7 6. d4 e4 7. Ne5 Bxe5 8. dxe5 Be6 9. Nc3 Rd8 10. Qd4 Nh6 11. Bxc6+ bxc6 12. Qxa7 Nf5 13. Ba3 Qd7 14. Ne2 f6 15. exf6 gxf6 16. Nd4 Kf7 17. Qc5 Nxd4 18. Qxd4 Rhg8 19. Bb2 Qe7 20. g3 Bg4 21. a4 c5 22. Qc3 Qd6 23. Ba3 Qa6 24. Qd2 d4 25. Bxc5 dxe3 26. Qxe3 Rg5 27. b4 Rgd5 28. f4 Rd1+ 29. Rxd1 Rxd1+ 30. Kf2 Rxh1 31. Qxe4 Qf1+ 32. Ke3 Qe2+ 33. Kd4 Rd1+ 34. Qd3 Rxd3+ 35. cxd3 Bf5 0-1